LDR 00724naa#a2200181#i#450# 001 EN\\bibl\122175 005 20260430060127.4 011 ## _a2074-1626 100 ## _a20260416b2026####ek#y0engy0150####ca 102 ## _aRU 200 1# _aBRIBES IN THE MENTALITY OF PRE-REVOLUTIONARY RUSSIAN OFFICIALS _eJournal article 210 1# _aSaint-Petersburg _cSaint-Petersburg University of State Fire Service of Emercom of Russia _d2026 215 ## _a8 с. 608 ## _aJournal article _2local 675 ## _aУголовное право. 343.2/.7 _aИстория. Теоретические вопросы. 93 _aВсеобщая история. 94 _z 700 #1 _aVakhmistrov _gVeniamin Pavlovich 700 #1 _aDoilnitsyn _gAlexey B. 856 4# _ajournals.igps.ru _u